NLSUI OPAC header image

Cologne commentary on space law Vol. III : DBS principles, RS principles, NPS principles, SB declaration, LS resolution, (Record no. 41531)

MARC details
000 -LEADER
fixed length control field 01653nam a2200217Ia 4500
003 - CONTROL NUMBER IDENTIFIER
control field OSt
005 - DATE AND TIME OF LATEST TRANSACTION
control field 20201010124315.0
008 - FIXED-LENGTH DATA ELEMENTS--GENERAL INFORMATION
fixed length control field 160316s2015 xxu||||| |||| 00| 0 eng d
020 ## - INTERNATIONAL STANDARD BOOK NUMBER
International Standard Book Number 9783452272133
040 ## - CATALOGING SOURCE
Transcribing agency NLS
082 ## - DEWEY DECIMAL CLASSIFICATION NUMBER
Classification number 341.470000
Item number HOB
100 ## - MAIN ENTRY--PERSONAL NAME
Personal name Hobe Stephan
245 ## - TITLE STATEMENT
Title Cologne commentary on space law Vol. III : DBS principles, RS principles, NPS principles, SB declaration, LS resolution,
260 ## - PUBLICATION, DISTRIBUTION, ETC.
Place of publication, distribution, etc. Deutsche
Name of publisher, distributor, etc. Carl Heymanns Berlag
Date of publication, distribution, etc. 2015
300 ## - PHYSICAL DESCRIPTION
Extent 698
Dimensions xxxix
365 ## - TRADE PRICE
Price amount $ 82.00
505 ## - FORMATTED CONTENTS NOTE
Formatted contents note Summary: <br/>Présentation de l'éditeur : " The Cologne Commentary on Space Law (CoCoSL) is a three-volume annotation on the norms of space law as contained in the Treaties of the United Nations and its General Assembly Resolutions. As a joint publication of the Institute of Air and Space Law of the University of Cologne and the German Aerospace Center (DLR), the commentary brings together the scientific and academic proficiency of the Institute and the practical and technical capacity of DLR. It constitutes essential reading for all academics, practitioners and technicians working in the field of space law and beyond. Volume III will discuss the six most relevant United Nations General Assembly Resolutions on space law, namely: · the 1982 Direct Broadcasting Principles, · the 1986 Remote Sensing Principles, · the 1992 Nuclear Power Sources Principles, · the 1996 Space Benefits Declaration, · the 2004 Launching State Resolution and · the 2007 Registration Practice Resolution
650 ## - SUBJECT ADDED ENTRY--TOPICAL TERM
Topical term or geographic name entry element 1. International Space Law - Commentary
700 ## - ADDED ENTRY--PERSONAL NAME
Personal name Schmidt-Tedd Bernhard
-- Schrogl Kai-Uwe
942 ## - ADDED ENTRY ELEMENTS (KOHA)
Source of classification or shelving scheme Dewey Decimal Classification
Koha item type BOOKs
Holdings
Withdrawn status Lost status Damaged status Not for loan Home library Current library Shelving location Date acquired Total Checkouts Full call number Barcode Date last seen Price effective from Koha item type
      Not For Loan NLS NLS REFERENCE SECTION 30/05/2017   341.47 HOB 34917 30/05/2017 30/05/2017 BOOKs